000 00634cab a2200253 4500
001 ABS68809
008 050308n2005 000 0 eng u
035 _a(Sirsi) u128989
245 _aRegional: Ireland
260 _c2005
490 _aProperty Week
_v70(9) 4 March 2005, 111-135(9)
590 _aABS
650 _aBELFAST
650 _aDUBLIN
650 _aRETAIL
650 _aRESIDENTIAL
650 _aINDUSTRIAL
650 _aLEISURE
650 _aMIXED-USE DEVELOPMENTS
650 _aOFFICES
650 _aInvestments
_96250
690 _aPROPERTY-COMMERCIAL PROPERTY-COMMERCIAL PROPERTY MARKET
942 _n0
999 _c74892
_d74892